000 01010cam a2200337 a 4500
001 57666
003 CO-ViMGA
005 20250718161436.0
007 ta
008 981013s1998 ck r 00010 spa d
020 _a9582004835
040 _aCO-ViMGA
_bspa
_cCO-ViMGA
041 0 _aspa
043 _as-ck---
082 0 4 _a792.8
_bE726a
_220 ed.
084 _aRES00612
100 1 _aEscobar, Cielo Patricia.
_961244
245 1 0 _aA Bailar Colombia :
_bdanzas para la educación básica /
_cCielo Patricia Escobar.
250 _a1a. edición
300 _a151 p. ;
_c24 cm.
336 _2rdacontent
_atexto
_btxt
337 _2rdamedia
_asin mediación
_bn
338 _2rdacarrier
_avolumen
_bnc
504 _aIncluye bibliografía.
650 1 4 _aDanza
_x Enseñanza.
_2LEMB
650 1 4 _aFolclor
_z Colombia.
_2LEMB
_91073
650 1 4 _aMúsica folclórica colombiana.
_2LEMB
_924565
650 6 _aDanzas populares y nacionales colombianas.
_2LEMB
_939052
942 _2ddc
_cBK
949 _ac
_bc
999 _c57666
_d57666